000 00603nam a2200193Ia 4500
003 GCL
008 140319s9999 xx 000 0 ara d
020 _a4048351977
040 _aGCL /
_cGCL
082 0 4 _a811.09
_bف ع
100 1 _aفاطمة ناعوت
245 1 0 _aعلى بعد سنتيمتر واحد من الارض /
_cفاطمة ناعوت
250 _aالثانية
260 _aالقاهرة :
_bدار كاف نون للنشر ،
_c2003
300 _a135 ؛
_c18 سم
650 0 4 _aالشعر العربى
650 0 4 _aالشعر العربى - مجموعات
942 _2ddc
_cBK
999 _c6781
_d6781